| 000 | 00789cam a2200265 a 4500 | ||
|---|---|---|---|
| 001 | 2944 | ||
| 005 | 20250718095159.0 | ||
| 020 | _a0670058831 | ||
| 040 |
_aDLC _cDLC _dDLC _beng |
||
| 050 | 0 | 0 |
_aPZ7.M26573 _b 2003 |
| 082 | 0 | 0 | _a813.6 |
| 100 | 1 |
_aMadonna _d1958- |
|
| 245 | 1 | 0 |
_aMr. Peabody's Apples / _cby Madonna ; art by Loren Long. |
| 250 | _aFirst published in 2003 | ||
| 260 |
_aNew York : _bCallaway , _c2003 |
||
| 300 |
_a28 pages : _bcolor illustrations ; _c27 cm. |
||
| 505 | _aR | ||
| 520 | _aA boy learns a lesson about the destructive power of gossip. | ||
| 521 |
_a690
_bLexile |
||
| 521 |
_aR
_bRaz-Plus |
||
| 650 | 1 |
_aGossip _vFiction. |
|
| 700 | 1 |
_aLong, Loren _eillustrator |
|
| 906 |
_a7 _bcbc _corignew _d1 _eecip _f20 _gy-gencatlg |
||
| 942 |
_2ddc _cBK _n0 |
||
| 999 |
_c2944 _d2944 |
||